[Event "Open Letni Praha 2017 - A"]
[Site "?"]
[Date "2017.08.08"]
[Round "6"]
[White "Certek, Pavel"]
[Black "Baasansuren, Erdene"]
[Result "0-1"]
[WhiteElo "2287"]
[BlackElo "2169"]
[PlyCount "78"]
[EventDate "2017.??.??"]
[WhiteClock "0:01:09"]
[BlackClock "0:00:42"]

1. d4 Nf6 2. Nf3 g6 3. g3 Bg7 4. Bg2 O-O 5. O-O d6 6. b3 Nc6 7. Bb2 a6 8. Nbd2
Bf5 9. Re1 Ne4 10. Nh4 d5 11. Nxf5 gxf5 12. Nf3 e6 13. e3 Ne7 14. c4 dxc4 15.
bxc4 c5 16. Re2 cxd4 17. Bxd4 Nc6 18. Bxg7 Kxg7 19. Qc2 Qf6 20. Qb2 Rac8 21.
Rc1 Qxb2 22. Rxb2 Na5 23. Nd4 Rc5 24. Rd1 Rxc4 25. g4 Nc3 26. Rd3 fxg4 27. Nb3
Na4 28. Rbd2 Nc6 29. Rd7 Ne5 30. Rxb7 Nc5 31. f4 Nxb7 32. fxe5 Nc5 33. Nd4 Rb8
34. Kf2 Rb2 35. Rxb2 Nd3+ 36. Kg3 Nxb2 37. Bf1 Ra4 38. Nc6 Nc4 39. Be2 Nxe3 0-1

[Event "Open Letni Praha 2017 - A"]
[Site "?"]
[Date "2017.08.08"]
[Round "6"]
[White "Soural, Jan"]
[Black "Mammadova, Narmin"]
[Result "1-0"]
[WhiteElo "2163"]
[BlackElo "2277"]
[PlyCount "145"]
[EventDate "2017.??.??"]
[WhiteClock "0:03:50"]
[BlackClock "0:01:31"]

1. d4 d5 2. c4 dxc4 3. e3 Nf6 4. Nf3 e6 5. Bxc4 a6 6. O-O b5 7. Be2 Bb7 8. a4
b4 9. Nbd2 Nbd7 10. Nc4 Bd5 11. Bd2 Be7 12. Qc2 Ne4 13. Rfc1 O-O 14. Be1 c5 15.
a5 cxd4 16. exd4 Rc8 17. Qa4 Bc6 18. Qb3 Bb5 19. Bxb4 Bxb4 20. Qxb4 Nb8 21. Qe1
Ng5 22. Nxg5 Qxg5 23. Rc3 Rcd8 24. Ne5 Bxe2 25. Qxe2 Qf4 26. Nf3 Rd5 27. b4 Rb5
28. Rb1 Qf5 29. Qc2 Qf4 30. Rc5 Rb7 31. b5 axb5 32. Rbxb5 Ra7 33. Rc8 Nd7 34.
Rxf8+ Nxf8 35. Qd2 Qd6 36. d5 exd5 37. Qxd5 Qa3 38. g3 Rd7 39. Qb3 Qc1+ 40. Kg2
Qc6 41. Rb6 Qe4 42. Qb4 Qxb4 43. Rxb4 Ra7 44. Ra4 Ne6 45. Ne5 Ra6 46. Nd3 Kf8
47. Nb4 Ra7 48. a6 Nc7 49. Kf3 Ke8 50. Ke4 Kd7 51. Ke5 f6+ 52. Kd4 Kd6 53. Kc4
Na8 54. Nd5 Kc6 55. Ra5 Kd6 56. Ra2 Kc6 57. Rd2 Rf7 58. Nb4+ Kb6 59. Rd6+ Kc7
60. Kc5 f5 61. Nd5+ Kb8 62. Kc6 g5 63. Rd7 Rxd7 64. Kxd7 Ka7 65. f4 gxf4 66.
gxf4 h5 67. h4 Kxa6 68. Ke6 Kb7 69. Kxf5 Kc8 70. Ke6 Kd8 71. f5 Ke8 72. f6 Kf8
73. f7 1-0

[Event "Open Letni Praha 2017 - A"]
[Site "?"]
[Date "2017.08.08"]
[Round "6"]
[White "Matras, Ondrej"]
[Black "Zlatin, Alex"]
[Result "0-1"]
[WhiteElo "2264"]
[BlackElo "2149"]
[PlyCount "72"]
[EventDate "2017.??.??"]
[WhiteClock "0:02:59"]
[BlackClock "0:16:57"]

1. d4 Nf6 2. c4 e6 3. Nf3 Bb4+ 4. Bd2 Qe7 5. g3 Nc6 6. Bg2 Ne4 7. O-O Nxd2 8.
Nbxd2 Bxd2 9. Qxd2 a5 10. d5 Nd8 11. e4 e5 12. c5 d6 13. cxd6 cxd6 14. Rac1 b6
15. Qe3 Rb8 16. Rc3 O-O 17. Rfc1 Bg4 18. Nd2 f5 19. Rc7 Qf6 20. exf5 Bxf5 21.
Be4 Nb7 22. Bxf5 Qxf5 23. Ne4 Qg6 24. R1c6 Nc5 25. Nxd6 Qb1+ 26. Kg2 Nd3 27.
Ne4 Ne1+ 28. Kh3 Nf3 29. Rxg7+ Kxg7 30. Qh6+ Kh8 31. Rc7 Ng1+ 32. Kg2 Qxe4+ 33.
Kxg1 Qe1+ 34. Kg2 Qxf2+ 35. Kh3 Qf5+ 36. Kg2 Qf1# 0-1

[Event "Open Letni Praha 2017 - A"]
[Site "?"]
[Date "2017.08.08"]
[Round "6"]
[White "Pauly, Carlo"]
[Black "Domanski, Lukasz"]
[Result "1-0"]
[WhiteElo "2261"]
[BlackElo "2102"]
[PlyCount "49"]
[EventDate "2017.??.??"]
[WhiteClock "0:10:29"]
[BlackClock "0:14:06"]

1. d4 d5 2. c4 dxc4 3. Nf3 a6 4. a4 Nc6 5. e4 Bg4 6. Bxc4 e6 7. O-O Bxf3 8.
Qxf3 Qxd4 9. Bb3 Bd6 10. Nc3 Nge7 11. Be3 Qb4 12. Ba2 Ng6 13. Qh3 O-O 14. Rab1
Be5 15. Qg4 Rab8 16. h4 Bxc3 17. bxc3 Qxc3 18. h5 Nge5 19. Qg3 Kh8 20. Rfe1 Nd3
21. Red1 Ndb4 22. Bb3 Na5 23. h6 Rfd8 24. Qg5 Nac6 25. Bd4 1-0

[Event "Open Letni Praha 2017 - A"]
[Site "?"]
[Date "2017.08.08"]
[Round "6"]
[White "Simecek, Bohumil"]
[Black "Radeva, Viktoria"]
[Result "1/2-1/2"]
[WhiteElo "2086"]
[BlackElo "2214"]
[PlyCount "63"]
[EventDate "2017.??.??"]
[WhiteClock "0:13:20"]
[BlackClock "0:10:59"]

1. d4 Nf6 2. c4 e6 3. Nf3 d5 4. g3 c6 5. Nbd2 Nbd7 6. Bg2 Be7 7. O-O O-O 8. Qc2
b6 9. Rd1 Bb7 10. e4 dxe4 11. Nxe4 Nxe4 12. Qxe4 Nf6 13. Qe2 Qc8 14. b3 Re8 15.
Bb2 c5 16. Ne5 Bxg2 17. Kxg2 Qc7 18. dxc5 Bxc5 19. Rd3 Rad8 20. Rad1 Rd6 21.
Rxd6 Bxd6 22. f3 Rd8 23. Rd3 Be7 24. Rxd8+ Bxd8 25. Qd3 Be7 26. Qd4 Bc5 27. Qd3
Bd6 28. Qd4 Bc5 29. Qd3 h6 30. Bc3 Bd6 31. Qd4 Bc5 32. Qd3 1/2-1/2

[Event "Open Letni Praha 2017 - A"]
[Site "?"]
[Date "2017.08.08"]
[Round "6"]
[White "Egorov, Pavel"]
[Black "Martirosyan, Ara"]
[Result "1-0"]
[WhiteElo "2205"]
[BlackElo "1901"]
[PlyCount "93"]
[EventDate "2017.??.??"]
[WhiteClock "0:27:25"]
[BlackClock "0:44:17"]

1. d4 Nf6 2. c4 g6 3. Nc3 Bg7 4. e4 d6 5. h3 O-O 6. Nf3 e5 7. d5 Nh5 8. g3 a5
9. Be2 Na6 10. Be3 b6 11. Nd2 Nf6 12. g4 h6 13. g5 hxg5 14. Bxg5 Qd7 15. Qc2
Nh7 16. Be3 Nc5 17. O-O-O a4 18. a3 f5 19. Rdg1 Qf7 20. Bh5 f4 21. Bxg6 Nb3+
22. Nxb3 Qf6 23. Bxh7+ Kxh7 24. Bd2 axb3 25. Qxb3 Qh4 26. Nd1 f3 27. Qd3 Bh6
28. Bxh6 Qxh6+ 29. Qe3 Qxe3+ 30. Nxe3 Rf4 31. Rg3 Rxe4 32. Rxf3 Rf4 33. Rxf4
exf4 34. Ng2 Ra4 35. b3 Rxa3 36. Kb2 f3 37. Ne1 Ra5 38. Nxf3 b5 39. Nd4 bxc4
40. bxc4 Rc5 41. Kb3 Ba6 42. Rc1 Ra5 43. Ne6 c6 44. dxc6 Rf5 45. Rc2 Rf3+ 46.
Kb4 Rxh3 47. Ng5+ {Rg3} 1-0

[Event "Open Letni Praha 2017 - A"]
[Site "?"]
[Date "2017.08.08"]
[Round "6"]
[White "Zanikov, Konstantin"]
[Black "Sindler, Michal"]
[Result "1/2-1/2"]
[WhiteElo "2083"]
[BlackElo "2201"]
[PlyCount "65"]
[EventDate "2017.??.??"]
[WhiteClock "0:18:59"]
[BlackClock "0:03:04"]

1. e4 c5 2. Nf3 d6 3. Bb5+ Bd7 4. Bxd7+ Qxd7 5. O-O Nc6 6. c4 Nf6 7. Nc3 g6 8.
d3 Bg7 9. h3 O-O 10. Be3 a6 11. Qd2 Rfc8 12. Rac1 e6 13. b3 Rab8 14. d4 cxd4
15. Nxd4 Nxd4 16. Bxd4 b5 17. cxb5 axb5 18. Rfd1 b4 19. Bxf6 Bxf6 20. Na4 Rxc1
21. Rxc1 Be7 22. Nc5 Qb5 23. Nd3 d5 24. e5 Qb7 25. Rc2 Kg7 26. Qc1 Qa7 27. Rc7
Rb7 28. Rc8 Rb8 29. Rc2 Qd4 30. Qd2 h6 31. Qe2 Rb7 32. Ne1 Qb6 33. Nd3 1/2-1/2

[Event "Open Letni Praha 2017 - A"]
[Site "?"]
[Date "2017.08.08"]
[Round "6"]
[White "Mukashev, Assan"]
[Black "Vrecion, Jiri"]
[Result "1/2-1/2"]
[WhiteElo "2199"]
[BlackElo "1979"]
[PlyCount "49"]
[EventDate "2017.??.??"]
[WhiteClock "0:28:48"]
[BlackClock "0:14:52"]

1. d4 Nf6 2. Nf3 g6 3. g3 Bg7 4. Bg2 O-O 5. O-O d5 6. c4 dxc4 7. Na3 c5 8. dxc5
c3 9. Qxd8 Rxd8 10. Nb5 Na6 11. Nxc3 Nxc5 12. Be3 Nce4 13. Rfd1 Bf5 14. Bd4
Nxc3 15. Bxc3 Be4 16. Ne1 Bxg2 17. Kxg2 Bh6 18. Kf3 Kf8 19. Bd4 Nd5 20. a3 b6
21. Rd3 Ke8 22. e4 Nc7 23. Rad1 Ne6 24. Be3 Bg7 25. Rxd8+ 1/2-1/2

[Event "Open Letni Praha 2017 - A"]
[Site "Praha"]
[Date "2017.08.08"]
[Round "6"]
[White "Patil, Mitali Madhukar"]
[Black "Gokhale, Chandrashekhar"]
[Result "0-1"]
[WhiteElo "1959"]
[BlackElo "2197"]
[PlyCount "140"]
[EventDate "2017.08.04"]

1. d4 d6 2. e4 Nf6 3. Nc3 e5 4. Nf3 Nbd7 5. Bc4 Be7 6. O-O O-O 7. Re1 c6 8. a4
a5 9. b3 Qc7 10. Ba3 Nb6 11. Be2 Bg4 12. h3 Bxf3 13. Bxf3 Rad8 14. Qd2 Rfe8 15.
Rad1 Bf8 16. Qg5 h6 17. Qg3 Nh7 18. Re3 Ng5 19. Red3 Ne6 20. dxe5 dxe5 21. Rxd8
Rxd8 22. Rxd8 Nxd8 23. Bxf8 Kxf8 24. Bg4 Qd6 25. Qe3 Qd4 26. Nd1 Ke7 27. c3
Qxe3 28. Nxe3 g6 29. Be2 Ne6 30. f3 h5 31. Kf2 h4 32. Ke1 Nc5 33. Bd1 Kf6 34.
Ng4+ Ke6 35. Bc2 Nc8 36. Ne3 Nd6 37. Ng4 b5 38. Ne3 bxa4 39. bxa4 f5 40. exf5+
gxf5 41. Ke2 Kf6 42. f4 exf4 43. Nd1 Nde4 44. Kf3 Kg5 45. Ke2 Nd6 46. Nb2 Nde4
47. Nd1 Nf6 48. Kf3 Ncd7 49. Nb2 Ne5+ 50. Ke2 Nd5 51. Nd1 Kf6 52. Kf2 Kg5 53.
Ke2 f3+ 54. gxf3 Nf4+ 55. Kf2 Nxh3+ 56. Ke3 c5 57. Bb3 Nf4 58. Nf2 Ng2+ 59. Ke2
Kf4 60. Be6 Nxf3 61. Bxf5 Ng1+ 62. Kf1 Kxf5 63. Kxg1 Nf4 64. Kh2 c4 65. Nd1 Ke4
66. Nb2 Kd5 67. Nd1 Kc5 68. Ne3 Nd5 69. Nd1 Nxc3 70. Nxc3 Kb4 0-1

[Event "Open Letni Praha 2017 - A"]
[Site "Praha"]
[Date "2017.08.08"]
[Round "6"]
[White "Hu, Zhiheng"]
[Black "Yuan, Ye"]
[Result "1/2-1/2"]
[WhiteElo "1829"]
[BlackElo "2197"]
[PlyCount "31"]
[EventDate "2017.08.04"]

1. d4 d5 2. c4 e6 3. Nf3 c6 4. Nc3 Nf6 5. Bg5 h6 6. Bxf6 Qxf6 7. e3 Nd7 8. Bd3
Bd6 9. a3 Qe7 10. e4 dxc4 11. Bxc4 e5 12. d5 Nb6 13. Bb3 O-O 14. h3 cxd5 15.
Nxd5 Nxd5 16. Bxd5 1/2-1/2

[Event "Open Letni Praha 2017 - A"]
[Site "Praha"]
[Date "2017.08.08"]
[Round "6"]
[White "Zoldan, Matteo"]
[Black "Chkhaidze, Nikoloz"]
[Result "0-1"]
[WhiteElo "2082"]
[BlackElo "2341"]
[PlyCount "101"]
[EventDate "2017.08.04"]

1. e4 c5 2. Nf3 d6 3. d4 cxd4 4. Nxd4 Nf6 5. Nc3 a6 6. f3 e5 7. Nb3 Be6 8. Be3
Be7 9. Qd2 O-O 10. O-O-O Nbd7 11. g4 b5 12. g5 b4 13. gxf6 bxc3 14. Qxc3 Nxf6
15. Na5 Rc8 16. Nc6 Qd7 17. Nxe7+ Qxe7 18. Qa5 Rc6 19. Rg1 Rfc8 20. c3 Qb7 21.
Bg5 Ne8 22. Be3 Nc7 23. Kb1 Rb8 24. Rg2 Bh3 25. Rc2 Bxf1 26. Rxf1 Nb5 27. Ka1
Rc4 28. b3 Rc6 29. c4 Qc8 30. Rd1 Nc7 31. Rcd2 Ne8 32. Rd3 Qh3 33. Bg1 Qc8 34.
Bf2 Qb7 35. R3d2 h6 36. Be3 Kh8 37. Bg1 Qc8 38. Rd3 f5 39. exf5 Qxf5 40. Qd5
Rbc8 41. Qe4 Qf6 42. Bf2 a5 43. Bh4 Qf7 44. a4 Qb7 45. f4 Qb4 46. Qe2 d5 47.
Rxd5 Qxb3 48. Qa2 Qc3+ 49. Qb2 Qxc4 50. Rxa5 Qxf4 51. Bg3 0-1

[Event "Open Letni Praha 2017 - A"]
[Site "Praha"]
[Date "2017.08.08"]
[Round "6"]
[White "Pulpan, Matej"]
[Black "Schmitz, Thorsten"]
[Result "1/2-1/2"]
[WhiteElo "2054"]
[BlackElo "2273"]
[PlyCount "43"]
[EventDate "2017.08.04"]

1. e4 Nf6 2. Nc3 e5 3. Nf3 Nc6 4. d4 Bb4 5. Bg5 exd4 6. Nxd4 h6 7. Nxc6 bxc6 8.
Bh4 O-O 9. Bd3 Re8 10. O-O g5 11. Bg3 Bxc3 12. bxc3 Nxe4 13. Qh5 Kg7 14. Bxe4
Rxe4 15. f4 f6 16. Rae1 Rxe1 17. Rxe1 Ba6 18. f5 Qf8 19. Qg6+ Kh8 20. Bxc7 Bc4
21. Re3 Qg7 22. Re8+ 1/2-1/2

[Event "Open Letni Praha 2017 - A"]
[Site "Praha"]
[Date "2017.08.08"]
[Round "6"]
[White "Haag, Martin"]
[Black "Kastner, Oldrich"]
[Result "1-0"]
[WhiteElo "2263"]
[BlackElo "2037"]
[PlyCount "47"]
[EventDate "2017.08.04"]

1. c4 c5 2. Nf3 Nf6 3. Nc3 Nc6 4. d4 cxd4 5. Nxd4 e6 6. a3 Be7 7. e4 a6 8. Be2
Qc7 9. O-O O-O 10. Be3 d6 11. Rc1 b6 12. Nd5 exd5 13. cxd5 Nxe4 14. Nxc6 Bf6
15. Bd3 Nc5 16. Bb1 a5 17. b4 axb4 18. axb4 Na6 19. Bd4 Bxd4 20. Qxd4 Re8 21.
Rfe1 Bb7 22. Qh4 g6 23. Re7 Rxe7 24. Nxe7+ 1-0

[Event "Open Letni Praha 2017 - A"]
[Site "Praha"]
[Date "2017.08.08"]
[Round "6"]
[White "Afanasieva, Alexandra"]
[Black "Slampa, Jan"]
[Result "1/2-1/2"]
[WhiteElo "2041"]
[BlackElo "2252"]
[PlyCount "128"]
[EventDate "2017.08.04"]

1. e4 c5 2. Nf3 d6 3. d4 cxd4 4. Nxd4 Nf6 5. Nc3 a6 6. h3 e5 7. Nde2 b5 8. Bg5
Be7 9. Bxf6 Bxf6 10. Nd5 Nd7 11. Nec3 Bb7 12. Be2 O-O 13. O-O Bg5 14. a4 bxa4
15. Nxa4 g6 16. Qd3 f5 17. Qb3 Rb8 18. Nf4+ Kh8 19. Ne6 Qe7 20. Nxf8 Qxf8 21.
Qe6 Nf6 22. Nc3 fxe4 23. Bxa6 Bd5 24. Nxd5 Re8 25. Qxe8 Qxe8 26. Nxf6 Bxf6 27.
c4 Qc6 28. Rfe1 Qb6 29. Rxe4 Qxb2 30. Ree1 Bg5 31. g3 Bd2 32. Reb1 Qc2 33. Rb8+
Kg7 34. Rab1 Kh6 35. R8b2 Qf5 36. Kg2 Bc3 37. Rb3 Bd4 38. Rf1 Qe4+ 39. Kg1 Qc2
40. Rb8 Qd3 41. Kg2 Qe4+ 42. Kh2 Qf3 43. Rg1 Bxf2 44. Rg2 Bc5 45. Rbb2 Kg5 46.
Bb7 Qf1 47. Bd5 h5 48. h4+ Kh6 49. Rb8 Be3 50. Rh8+ Kg7 51. Rg8+ Kh7 52. Rd8
Qf6 53. Rd7+ Kh6 54. Rf7 Qd8 55. Rb2 Bb6 56. Ra2 Ba5 57. Raf2 Be1 58. Rf8 Qb6
59. R2f7 Qb2+ 60. Kh3 e4 61. Bxe4 Qe5 62. Rf4 Bd2 63. R4f7 Be1 64. Rf4 Bd2
1/2-1/2

[Event "Open Letni Praha 2017 - A"]
[Site "Praha"]
[Date "2017.08.08"]
[Round "6"]
[White "Battesti, Saveriu"]
[Black "Anaskin, Arsenij"]
[Result "1-0"]
[WhiteElo "2034"]
[BlackElo "2188"]
[PlyCount "99"]
[EventDate "2017.08.04"]

1. e4 d6 2. d4 Nf6 3. Nc3 Nbd7 4. Bc4 e5 5. Nf3 Be7 6. O-O O-O 7. Bg5 c6 8. a4
a5 9. Qd2 Nb6 10. Bb3 Nfd7 11. Bxe7 Qxe7 12. Rad1 h6 13. dxe5 dxe5 14. Qd6 Qxd6
15. Rxd6 Re8 16. Nd2 Rb8 17. Nc4 Nxc4 18. Bxc4 Nc5 19. f4 exf4 20. Rxf4 Be6 21.
Be2 g5 22. Rf1 Nd7 23. Nd1 Nb6 24. b3 Rbd8 25. Rxd8 Rxd8 26. Ne3 Rd2 27. Bd3
Nd7 28. Rb1 Nc5 29. Nf1 Rxd3 30. cxd3 Nxb3 31. d4 Nxd4 32. Rxb7 c5 33. Kf2 Bb3
34. Ra7 Nc6 35. Ra6 Bxa4 36. Ne3 Bb5 37. Rb6 Nd4 38. Nf5 Bc4 39. Nxd4 cxd4 40.
Rxh6 Bd3 41. Rd6 a4 42. Rxd4 Bc2 43. Ke3 Kg7 44. Rd6 Bb3 45. Ra6 Bc2 46. e5 Bb3
47. Kf3 Bd1+ 48. Kg3 Kh7 49. Rd6 Be2 50. Rd4 1-0

[Event "Open Letni Praha 2017 - A"]
[Site "Praha"]
[Date "2017.08.08"]
[Round "6"]
[White "Horton, Justin"]
[Black "Aroven, Mikael"]
[Result "1/2-1/2"]
[WhiteElo "2030"]
[BlackElo "2175"]
[PlyCount "81"]
[EventDate "2017.08.04"]

1. d4 Nf6 2. Nf3 e6 3. c4 a6 4. Nc3 c5 5. g3 cxd4 6. Qxd4 Nc6 7. Qf4 d5 8. cxd5
Nb4 9. Qd2 Bc5 10. Bg2 Nbxd5 11. O-O O-O 12. a3 Qe7 13. Nxd5 Nxd5 14. b4 Ba7
15. Bb2 Nb6 16. Rac1 f6 17. Rfd1 e5 18. Ne1 Be6 19. Qd6 Rf7 20. Bxb7 Qxd6 21.
Rxd6 Rxb7 22. Rxe6 Na4 23. Ba1 a5 24. Nd3 Kf7 25. Rec6 e4 26. Rc7+ Rxc7 27.
Rxc7+ Kg8 28. Nc5 Bxc5 29. bxc5 Rd8 30. Kg2 Rd1 31. c6 Rxa1 32. Rb7 Rc1 33. c7
Nb6 34. Rxb6 Rxc7 35. Rb5 Ra7 36. f3 exf3+ 37. Kxf3 a4 38. Rb4 Kf7 39. Ke4 Ke6
40. h4 h5 41. e3 1/2-1/2

[Event "Open Letni Praha 2017 - A"]
[Site "Praha"]
[Date "2017.08.08"]
[Round "6"]
[White "Bjornsson, Tomas"]
[Black "Sura, Jaroslav"]
[Result "1/2-1/2"]
[WhiteElo "2169"]
[BlackElo "2018"]
[PlyCount "28"]
[EventDate "2017.08.04"]

1. e4 e5 2. Nf3 Nc6 3. Bb5 a6 4. Ba4 Nf6 5. O-O Be7 6. Qe2 b5 7. Bb3 O-O 8. c3
d6 9. h3 Na5 10. Bc2 c5 11. d3 Bb7 12. Be3 Re8 13. Nbd2 Nc6 14. d4 cxd4 1/2-1/2

[Event "Open Letni Praha 2017 - A"]
[Site "Praha"]
[Date "2017.08.08"]
[Round "6"]
[White "Jayaram, Ramanna"]
[Black "Hiller, Simon"]
[Result "1/2-1/2"]
[WhiteElo "2021"]
[BlackElo "2164"]
[PlyCount "43"]
[EventDate "2017.08.04"]

1. d4 Nf6 2. c4 e6 3. Nc3 Bb4 4. Qc2 d5 5. cxd5 Qxd5 6. Nf3 Qf5 7. Qxf5 exf5 8.
a3 Be7 9. Bf4 c6 10. h3 Be6 11. e3 h6 12. Bd3 Nbd7 13. O-O O-O 14. Rfc1 Nb6 15.
Nd2 a5 16. Bc7 Nfd5 17. Nxd5 Nxd5 18. Be5 g6 19. Rc2 Bf6 20. Bxf6 Nxf6 21. Rac1
Rfd8 22. Bc4 1/2-1/2

[Event "Open Letni Praha 2017 - A"]
[Site "Praha"]
[Date "2017.08.08"]
[Round "6"]
[White "Pranav, Anand"]
[Black "Plasil, Petr"]
[Result "1/2-1/2"]
[WhiteElo "2155"]
[BlackElo "2007"]
[PlyCount "112"]
[EventDate "2017.08.04"]

1. d4 Nf6 2. c4 g6 3. Nc3 d5 4. cxd5 Nxd5 5. e4 Nxc3 6. bxc3 Bg7 7. Nf3 c5 8.
Be3 Qa5 9. Nd2 O-O 10. Rc1 cxd4 11. Nc4 Qd8 12. cxd4 Nc6 13. d5 Na5 14. Qd2
Nxc4 15. Bxc4 Bd7 16. O-O b5 17. Bb3 a5 18. a3 Ra6 19. Rc5 Qb8 20. f4 b4 21.
Bc4 Bc3 22. Qc1 Ra8 23. e5 Rc8 24. Bd3 Qb7 25. e6 fxe6 26. dxe6 Rxc5 27. Bxc5
Bxe6 28. Qe3 Qd5 29. f5 Bf7 30. fxg6 Bxg6 31. Bxg6 hxg6 32. Qxe7 Bd4+ 33. Bxd4
Qxd4+ 34. Kh1 Qc4 35. Qf6 Kh7 36. Qe7+ Kg8 37. Qf6 Kh7 38. axb4 axb4 39. Qe7+
Kg8 40. Qf6 Kh7 41. h3 b3 42. Rf4 Qc1+ 43. Kh2 Qc7 44. Qf7+ Qxf7 45. Rxf7+ Kh6
46. Rb7 Ra3 47. Kg3 b2+ 48. Kg4 Ra2 49. g3 Ra4+ 50. Kf3 Ra3+ 51. Kf4 Ra4+ 52.
Ke5 Ra5+ 53. Ke4 Ra4+ 54. Ke3 Ra3+ 55. Kf4 Ra4+ 56. Kf3 Ra3+ 1/2-1/2

[Event "Open Letni Praha 2017 - A"]
[Site "Praha"]
[Date "2017.08.08"]
[Round "6"]
[White "Skokan, Frantisek"]
[Black "Tatarintsev, Egor"]
[Result "0-1"]
[WhiteElo "1933"]
[BlackElo "2126"]
[PlyCount "68"]
[EventDate "2017.08.04"]

1. d4 e6 2. c4 b6 3. Nc3 Bb7 4. e3 f5 5. Nf3 Bb4 6. Bd2 Nf6 7. g3 Bxc3 8. Bxc3
Ne4 9. Bg2 Nxc3 10. bxc3 O-O 11. Rb1 Be4 12. Rb2 Qf6 13. O-O Nc6 14. Nd2 Bxg2
15. Kxg2 e5 16. d5 Na5 17. e4 f4 18. c5 Nb7 19. cxb6 axb6 20. f3 d6 21. g4 h5
22. h3 Kf7 23. Nb3 Rh8 24. Qd3 Qh4 25. Rh1 Qg3+ 26. Kf1 hxg4 27. Rg2 Qxf3+ 28.
Qxf3 gxf3 29. Rc2 g5 30. Rhh2 Nc5 31. Nxc5 dxc5 32. Rcf2 Ra7 33. Rc2 Ra4 34. c4
Ra3 0-1

[Event "Open Letni Praha 2017 - A"]
[Site "Praha"]
[Date "2017.08.08"]
[Round "6"]
[White "Lushnikov, Evgeny"]
[Black "Davies, Peter"]
[Result "1-0"]
[WhiteElo "2121"]
[BlackElo "1966"]
[PlyCount "87"]
[EventDate "2017.08.04"]

1. Nf3 c5 2. e4 Nc6 3. Bb5 Nd4 4. Nxd4 cxd4 5. O-O a6 6. Bc4 e6 7. c3 Qb6 8. a4
d6 9. Qe2 Nf6 10. cxd4 Qxd4 11. d3 Be7 12. Nd2 O-O 13. Nf3 Qb6 14. Be3 Qd8 15.
a5 d5 16. Bb3 Bd7 17. e5 Ne8 18. Bb6 Qb8 19. Rfc1 f6 20. d4 Bb5 21. Qe3 f5 22.
Rc2 h6 23. h4 Bd8 24. Bc5 Rf7 25. Qd2 Nc7 26. Bd6 Qa7 27. Rac1 Bc6 28. Bc5 Qb8
29. Qb4 Nb5 30. Ba4 Kh7 31. Bd6 Bc7 32. Bxc7 Qxc7 33. Bxb5 axb5 34. Ra1 Ra6 35.
Ra3 g6 36. Ne1 Qd8 37. h5 gxh5 38. Nd3 Qe7 39. Qc5 Qd8 40. Qb4 Qe7 41. Qxe7
Rxe7 42. Nb4 Ra8 43. Nxc6 bxc6 44. Rxc6 1-0

[Event "Open Letni Praha 2017 - A"]
[Site "Praha"]
[Date "2017.08.08"]
[Round "6"]
[White "Pribyl, Viktor"]
[Black "Kaderabek, Jiri"]
[Result "1/2-1/2"]
[WhiteElo "1906"]
[BlackElo "2120"]
[PlyCount "101"]
[EventDate "2017.08.04"]

1. d4 Nf6 2. Bf4 d6 3. e3 g6 4. h3 Bg7 5. Nf3 O-O 6. Be2 Nbd7 7. O-O c5 8. c3
b6 9. Nbd2 Bb7 10. Bh2 Rc8 11. a4 a6 12. Bd3 Rc7 13. e4 cxd4 14. cxd4 Qa8 15.
e5 Ne8 16. exd6 Nxd6 17. Re1 Nf6 18. Rxe7 Rxe7 19. Bxd6 Rfe8 20. Bxe7 Rxe7 21.
Qb3 Bh6 22. Bf1 Nd5 23. Nc4 Qd8 24. Qa3 Bf8 25. Qb3 Bg7 26. Rd1 Re6 27. Nce5 h6
28. Bc4 Bf6 29. Nd3 Kg7 30. Nb4 Rd6 31. Bxa6 Bxa6 32. Nxa6 Nf4 33. Qc4 Qa8 34.
Nc7 Qd8 35. Nb5 Rd7 36. Kh2 g5 37. g3 Nd5 38. Kg2 h5 39. Nh2 Qe7 40. Qc2 Qe6
41. Nf3 g4 42. hxg4 Nf4+ 43. Kg1 Qxg4 44. Nh2 Nh3+ 45. Kg2 Nf4+ 46. Kh1 Qg6 47.
Qc6 Nh3 48. Qg2 Ng5 49. Nf3 Qc2 50. Re1 Qxa4 51. Nc3 1/2-1/2

[Event "Open Letni Praha 2017 - A"]
[Site "Praha"]
[Date "2017.08.08"]
[Round "6"]
[White "Krivanek, Vladimir"]
[Black "Kelm, Daniel"]
[Result "1-0"]
[WhiteElo "2107"]
[BlackElo "1952"]
[PlyCount "77"]
[EventDate "2017.08.04"]

1. d4 d5 2. c4 c6 3. Nc3 Nf6 4. Nf3 e6 5. e3 Be7 6. Bd3 O-O 7. b3 a6 8. Bb2
dxc4 9. bxc4 c5 10. O-O b6 11. dxc5 bxc5 12. e4 Nc6 13. e5 Ne8 14. Qe2 Bb7 15.
Rfd1 Qc7 16. Ne4 Rd8 17. Neg5 g6 18. Qe4 Nd4 19. Qe3 h6 20. Ne4 Nxf3+ 21. Qxf3
Kh7 22. h4 Bxh4 23. Qh3 Bxe4 24. Bxe4 Bg5 25. g3 Qa5 26. Kg2 Rxd1 27. Rxd1 Qxa2
28. Rd7 Qxc4 29. Qg4 Qa2 30. Qe2 Ng7 31. Bc2 Kg8 32. Bc3 Rd8 33. Rxf7 Nf5 34.
Ra7 Qa3 35. Qc4 Ng7 36. Rxa6 Qc1 37. Rxe6 Nxe6 38. Qxe6+ Kh8 39. Qxg6 1-0

[Event "Open Letni Praha 2017 - A"]
[Site "Praha"]
[Date "2017.08.08"]
[Round "6"]
[White "Nguyen, Thai Dai Vinh"]
[Black "Fogel, Pierre"]
[Result "1-0"]
[WhiteElo "1857"]
[BlackElo "2106"]
[PlyCount "119"]
[EventDate "2017.08.04"]

1. e4 c5 2. Nf3 e6 3. d4 cxd4 4. Nxd4 Nc6 5. Nc3 Qc7 6. f4 a6 7. Nxc6 Qxc6 8.
Bd3 b5 9. Qe2 Bb7 10. Bd2 Nf6 11. e5 Nd5 12. Be4 Qc5 13. Nxd5 Bxd5 14. O-O-O
Bxe4 15. Qxe4 Rc8 16. Be3 Qc6 17. Qd3 d5 18. f5 Qc4 19. Rhf1 Qxa2 20. fxe6 fxe6
21. Bd4 Qc4 22. Qd2 Bc5 23. Rf4 Bxd4 24. Rxd4 Qc5 25. Rf1 Rf8 26. Rxf8+ Kxf8
27. Kb1 Kg8 28. g4 Rf8 29. Rf4 Qe7 30. Rxf8+ Qxf8 31. Qa5 Qf1+ 32. Ka2 Qc4+ 33.
Kb1 Qf1+ 34. Ka2 Qc4+ 35. Kb1 Qxg4 36. Qxa6 h6 37. Qxb5 Qd1+ 38. Ka2 Qxc2 39.
Qe8+ Kh7 40. Qxe6 Qa4+ 41. Kb1 Qd1+ 42. Ka2 Qa4+ 43. Kb1 Qe4+ 44. Ka2 d4 45.
Qd6 d3 46. e6 Qa4+ 47. Qa3 Qxa3+ 48. Kxa3 Kg6 49. Kb3 Kf6 50. Kc3 Kxe6 51. Kxd3
Kd5 52. Ke3 Kc4 53. Kf4 Kb3 54. Kf5 Kxb2 55. Kg6 Kc3 56. Kxg7 Kd4 57. Kxh6 Ke5
58. Kg6 Ke6 59. h4 Ke7 60. Kg7 1-0

[Event "Open Letni Praha 2017 - A"]
[Site "?"]
[Date "2017.08.09"]
[Round "7"]
[White "Iordachescu, Viorel"]
[Black "Lin, Chen"]
[Result "1/2-1/2"]
[WhiteElo "2581"]
[BlackElo "2450"]
[PlyCount "72"]
[EventDate "2017.??.??"]
[WhiteClock "0:32:10"]
[BlackClock "0:31:29"]

1. Nf3 Nf6 2. g3 d5 3. Bg2 c6 4. O-O Bg4 5. d3 e6 6. Qe1 Nbd7 7. e4 Bxf3 8.
Bxf3 Bd6 9. Nd2 Qc7 10. Bg2 h5 11. d4 dxe4 12. Nxe4 Nxe4 13. Qxe4 Nf6 14. Qf3
h4 15. c4 Qa5 16. c5 Be7 17. Rd1 Nd5 18. Bd2 Qd8 19. b4 Bf6 20. Be1 a6 21. a4
g6 22. Rab1 Kf8 23. Rb3 Kg7 24. Qe4 Qe7 25. Qb1 Qd8 26. Qe4 Qe7 27. f4 hxg3 28.
hxg3 Qc7 29. Bf2 Rhd8 30. Rdb1 Rh8 31. Qe2 Rhd8 32. Qe4 Rd7 33. Rd3 Rdd8 34.
Rdb3 Rd7 35. Rd3 Rdd8 36. Rdb3 Rd7 1/2-1/2

[Event "Open Letni Praha 2017 - A"]
[Site "?"]
[Date "2017.08.09"]
[Round "7"]
[White "Campora, Daniel"]
[Black "Mammadov, Zaur"]
[Result "0-1"]
[WhiteElo "2436"]
[BlackElo "2424"]
[PlyCount "76"]
[EventDate "2017.??.??"]
[WhiteClock "0:01:47"]
[BlackClock "0:31:03"]

1. e4 e6 2. d4 d5 3. Nc3 Nf6 4. Bg5 Be7 5. e5 Nfd7 6. Bxe7 Qxe7 7. f4 a6 8. Qd2
c5 9. Nf3 Nc6 10. dxc5 Nxc5 11. Bd3 b5 12. O-O Qa7 13. Kh1 O-O 14. a3 Rb8 15.
b4 Nd7 16. Ne2 Nb6 17. Ned4 Nxd4 18. Nxd4 Bd7 19. Qf2 Rbc8 20. Qh4 h6 21. f5
exf5 22. Nxf5 Bxf5 23. Bxf5 Rce8 24. Qd4 Qc7 25. Rae1 Kh8 26. Qc5 Re7 27. e6
Qxc5 28. bxc5 Na4 29. Bg6 f6 30. c6 Rc8 31. c4 bxc4 32. g4 Rxc6 33. Bf7 Nc5 34.
g5 fxg5 35. Rf5 Nd3 36. Ref1 Nf4 37. h4 g6 38. Re5 c3 0-1

[Event "Open Letni Praha 2017 - A"]
[Site "?"]
[Date "2017.08.09"]
[Round "7"]
[White "Vichnar, David"]
[Black "Mustafayev, Farid"]
[Result "1-0"]
[WhiteElo "2428"]
[BlackElo "2076"]
[PlyCount "51"]
[EventDate "2017.??.??"]
[WhiteClock "0:53:59"]
[BlackClock "0:34:50"]

1. c4 Nf6 2. g3 d5 3. cxd5 Nxd5 4. d4 g6 5. Bg2 Bg7 6. Nf3 O-O 7. O-O Nd7 8. e4
N5b6 9. Nc3 c6 10. Qc2 e5 11. Bg5 Qe8 12. Rad1 exd4 13. Nxd4 Ne5 14. b3 Bd7 15.
a4 a5 16. Bc1 c5 17. Ndb5 Qe7 18. Ba3 Bxb5 19. Nxb5 Ned7 20. f4 Rfc8 21. e5
Rab8 22. Bh3 h5 23. e6 fxe6 24. Qxg6 Nf8 25. Qxh5 Nbd7 26. Rfe1 1-0